000 00476nam a22001697a 4500
003 CEME
005 20210628205249.0
008 210224b xxu||||| |||| 00| 0 eng d
020 _a0-582-21884-5
040 _c.
082 _a532 VER'I
100 _aVersteeg, H. K Malalasekera, W
_99993
245 _aAn introduction to computational fluid dynamics the finite volume methods
260 _aENGLAND
_bLONGMAN SCIENTIFIED TECH
_c1995
300 _aX,257P
942 _cBK
_2ddc
999 _c580166
_d580166